Un ciclón en una botella : (Registro nro. 14048)

Detalles MARC
000 -LIDER
fixed length control field 01091nam a2200277 a 4500
001 - NÚMERO DE CONTROL
Identificador de número de control
003 - IDENTIFICACDOR DE NÚMERO DE CONTROL
control field DO-SdBNP
005 - DATE AND TIME OF LATEST TRANSACTION
control field 20220228105244.0
008 - ELEMENTOS DE LONGITUD FIJA
fixed length control field 100202s1996 dr 001 0 spa d
040 ## - FUENTE DE CATALOGACIÓN
Agencia que crea de manera original el registro DO-SdBNP
Idioma de catalogación spa
Agencia que realiza la transcripción BPMSU
082 ## - NÚMERO DE CLASIFICACIÓN DECIMAL DE DEWEY
Classification number 301.097293
Item number H519c 1996
Edition number 22
100 1# - ASIENTO PRINCIPAL -- NOMBRE PERSONAL
Nombre personal Henríquez Gratereaux, Federico
245 10 - MENCIÓN DE TITULO
Título Un ciclón en una botella :
Subtítulo notas para una teoría de la sociedad dominicana /
Mención de responsabilidad Federico Henríquez Gratereaux.
250 ## - MENCIÓN DE EDICION
Mención de edición
260 ## - PUBLICACIÓN, DISTRIBUCIÓN, ETC. (PIE DE IMPRENTA)
Lugar de publicación, distribución, etc Santo Domingo :
Nombre del editor, distribuidor, etc. Alfa& Omega,
Fecha de publicación, distribución, etc 1996
300 ## - DESCRIPCIÓN FÍSICA
Extensión 274 p. ;
Dimensiones 22 cm.
500 ## - NOTA GENERAL
Nota general Los artículos que compone este volumen acerca de sociografía dominicana fueron publicados en el periódico Última Hora, desde 1974, durante unas treinta semanas.
504 ## - NOTA DE BIBLIOGRAFÍA, ETC.
Bibliography, etc Bibliografía : p. 269 -274
590 ## - NOTA LOCAL
Enlace Inventariado, 2022/VM
651 #4 - ENCABEZAMIENTO DE MATERIA--NOMBRE GEOGRÁFICO
Nombre geográfico República Dominicana
Subdivisión temática general Vida social y costumbres.
651 #4 - ENCABEZAMIENTO DE MATERIA--NOMBRE GEOGRÁFICO
Nombre geográfico República Dominicana
Subdivisión temática general Características nacionales
651 #4 - ENCABEZAMIENTO DE MATERIA--NOMBRE GEOGRÁFICO
Nombre geográfico Haití
Subdivisión temática general Vida social y costumbres.
730 ## - ADDED ENTRY--UNIFORM TITLE
Uniform title Última hora (Santo Domingo, Dominican Republic)
910 ## - VALIDACIÓN
Validación VMateo V.
942 ## - ADDED ENTRY ELEMENTS (KOHA)
Source of classification or shelving scheme Dewey Decimal Classification
Koha item type Libros
Existencias
Withdrawn status Lost status Source of classification or shelving scheme Damaged status Not for loan Collection code Home library Current library Date acquired Source of acquisition Total Checkouts Full call number Barcode Date last seen Price effective from Koha item type
    Dewey Decimal Classification     Colección Dominicana Biblioteca Pública Metropolitana Salomé Ureña Biblioteca Pública Metropolitana Salomé Ureña 02/28/2022 Geraldine de Santis   BPMSU CD 301.097293 H519c 1996 BPMSU22020058 02/28/2022 02/28/2022 Libros